000 00699nam a22002057a 4500
003 OSt
005 20190503084641.0
008 180227b xxu||||| |||| 00| 0 spa d
040 _cPJ
100 _94159
_aAltamira Gigena, Julio Isidro
245 1 4 _aLos principios generales del derecho como fuente del derecho administrativo /
_cJulio Isidro Altamira Gigena.
260 _aBuenos Aires :
_bAstrea,
_c1972.
300 _a82 p.
_c18 cm.
490 _aEnsayos Jurídicos
_v6
500 _aNotas y citas a pie de página.
504 _aBibliografía: p. 79-82.
650 0 _aDERECHO ADMINISTRATIVO
_9211
650 0 _aPRINCIPIOS GENERALES DEL DERECHO
_91676
942 _2udc
_cLIB
_h342.9
_iALT
999 _c2735
_d2735